| 000 | 00822nam a2200229 a 4500 | ||
|---|---|---|---|
| 005 | 20251203064013.0 | ||
| 008 | 040518s2004 mx r 000 0 spa d | ||
| 020 | _a970699062X | ||
| 035 | _aUPN01000133925 | ||
| 049 | _aCG | ||
| 050 | 4 |
_aF1301 _bM3.7 |
|
| 100 | 1 |
_aMcGowan, Gerald Louis, _d1941-1996 |
|
| 245 | 1 | 3 |
_aLa separación del sur, o, Cómo Juan Alvarez creó su estado / _cGerald L. McGowan ; presentación de Ma. del Carmen Salinas Sandoval. |
| 260 |
_aToluca : _bEl Colegio Mexiquense, _c2004. |
||
| 300 | _a250 p. | ||
| 440 | 0 |
_aFuentes para la historia del Estado de México ; _v7 |
|
| 651 | 7 |
_aEstado de México _xHistoria _ySiglo XIX _2 _98969 |
|
| 651 | 4 |
_aGuerrero _xHistoria _ySiglo XIX _98970 |
|
| 600 | 1 | 4 |
_aALVAREZ, JUAN, _d1790-1867 |
| 740 | 0 | _aCómo Juan Alvarez creó su estado | |
| 905 | _aLibro | ||
| 999 |
_c106076 _d106076 |
||